| 000 | 00437nam a22001457a 4500 | ||
|---|---|---|---|
| 082 |
_a526.9 _bSMI _cL-16. P-47. |
||
| 100 |
_aSmironff, Michael V. _939603 |
||
| 245 |
_aMeasurements for Engineering and Other Surveys _cSmironff, Michael V |
||
| 250 | _a2nd | ||
| 260 |
_aUnited Satates America _bN.M Newmark, _c1962 |
||
| 300 |
_axii, 556. p : _c32 |
||
| 526 |
_a0 _b0 _c0 _d526_900000000000000_SMI |
||
| 650 |
_aMCE _9379 |
||
| 942 |
_2ddc _cBK |
||
| 999 |
_c544065 _d544065 |
||